Sports centre work out (Record no. 75681)

MARC details
000 -LEADER
fixed length control field 00619cab a2200193 4500
001 - CONTROL NUMBER
control field L130530
008 - FIXED-LENGTH DATA ELEMENTS--GENERAL INFORMATION
fixed length control field 050809n2005 000 0 eng u
035 ## - SYSTEM CONTROL NUMBER
System control number (Sirsi) u130530
041 ## - LANGUAGE CODE
Language code of text/sound track or separate title eng
100 ## - MAIN ENTRY--PERSONAL NAME
Personal name Fiske, James
245 ## - TITLE STATEMENT
Title Sports centre work out
260 ## - PUBLICATION, DISTRIBUTION, ETC.
Date of publication, distribution, etc. 2005
490 ## - SERIES STATEMENT
Series statement QS Week
Volume/sequential designation (15) 3 August 2005, 14-15(2)
520 ## - SUMMARY, ETC.
Summary, etc. Looks at inflation and cost indices for sports centre projects and provides benchmark figures for key elements. Tables. Graphs. [Taken from journal abstract.]
590 ## - LOCAL NOTE (RLIN)
Local note IKA160805
690 ## - LOCAL SUBJECT ADDED ENTRY--TOPICAL TERM (OCLC, RLIN)
Topical term or geographic name as entry element BUILT ENVIRONMENT-BUILDING COSTS
700 ## - ADDED ENTRY--PERSONAL NAME
Personal name Murng, Nang
942 ## - ADDED ENTRY ELEMENTS (KOHA)
Suppress in OPAC 0
Holdings
Withdrawn status Lost status Source of classification or shelving scheme Damaged status Not for loan Home library Current library Shelving location Date acquired Total Checkouts Full call number Barcode Date last seen Copy number Price effective from Koha item type
    Dewey Decimal Classification     London London Journal article 09/08/2005   L130530 130530-1001 06/08/2019 1 06/08/2019 Journal article